000 01259cam a22003854a 4500
001 15339648
003 OSt
005 20251024152407.0
008 080429s2008 enka b 001 0 eng d
010 _a 2008411650
020 _a9780421554405
_qpbk.
020 _a0421554401
_qpbk.
035 _a15339648
035 _a(OCoLC)227277024
040 _aTXQ
_cTXQ
_dDLC
043 _ae------
_ae-uk---
082 _a344.01 BAM
100 1 _aBamforth, Nicholas.
245 1 0 _aDiscrimination law :
_btheory and context, Text and Materials (Socio-legal Series)
250 _a1st ed.
260 _aLondon :
_bSweet & Maxwell,
_c2008.
300 _alxvii, 1300 p. :
_bill. ;
_c24 cm.
336 _atext
_btxt
_2rdacontent
337 _aunmediated
_bn
_2rdamedia
338 _avolume
_bnc
_2rdacarrier
504 _aIncludes bibliographical references and index.
650 0 _aDiscrimination
_xLaw and legislation
_zGreat Britain.
650 0 _xTheory and Context
_zText and Materials Socio-legal Series
700 1 _aMalik, Maleiha.
700 1 _aÓ Cinnéide, Colm.
906 _a7
_bcbc
_ccopycat
_d2
_encip
_f20
_gy-gencatlg
942 _2ddc
_cBK
999 _c25590
_d25590